000 00410nam a2200145Ia 4500
008 211118s9999||||xx |||||||||||||| ||und||
082 _a823
_bRUS-M
100 _aRushdie, Salman
245 0 _aMoor`s Last Sigh
260 _bLongman York Press
_aEngland
_c1996
300 _a434p
630 _xEnglish NovelGeneral Stack
650 _aEnglish Literature
_vEnglish FictionShort StoriesEnglish
942 _cBOOK
999 _c100331
_d100331